书目信息 |
| 题名: |
食品加工技术.工艺和配方大全续集3(下)
|
|
| 作者: | 刘宝家 | |
| 分册: | ||
| 出版信息: | 科学技术文献出版社 1997. 8 |
|
| 页数: | 480页 | |
| 开本: | 16开 | |
| 丛书名: | ||
| 单 册: | ||
| 中图分类: | TS201.1 | |
| 科图分类: | ||
| 主题词: | 食品工业 | |
| 电子资源: | ||
| ISBN: | ||
| 000 | 00572nam0 2200193 45 | |
| 001 | 0308271034 | |
| 005 | 20030827105642.5 | |
| 010 | @dRMB37.00 | |
| 100 | @a20030827d1997 km y0chiy0120 ea | |
| 101 | @achi | |
| 105 | @a z 000yy | |
| 200 | 1 | @a食品加工技术.工艺和配方大全续集3(下)@Ashi pin jia gong ji shu.gong yi he pei fang da quan xu ji 3(xia)@f刘宝家@Fliu bao jia |
| 210 | @c科学技术文献出版社@d1997. 8 | |
| 215 | @a480页@c无图表@d16开 | |
| 606 | 0 | @a食品工业 |
| 690 | @aTS201.1@v3 | |
| 701 | 0 | @a刘宝家 |
| 801 | @aCN@b@c20030827 | |
| 905 | @aBZT@dTS201.1@e152-3-3 | |
| 食品加工技术.工艺和配方大全续集3(下)/刘宝家.-科学技术文献出版社,1997. 8 |
| 480页:无图表;16开 |
| ISBN :RMB37.00 |
| ● |
| 相关链接 |
|
|
|
正题名:食品加工技术·工艺和配方大全续集3(下)
索取号:TS201.1/152-3-3
 
预约/预借
| 序号 | 登录号 | 条形码 | 馆藏地/架位号 | 状态 | 备注 |
| 1 | 106342 | 200299649 | 中心书库中库/ 中库025架A面2列2层29/ [索取号:TS201.1/152-3-3] | 在馆 | |
| 2 | 106343 | 200299630 | 中心书库中库/ 中库025架A面2列2层32/ [索取号:TS201.1/152-3-3] | 在馆 | |
| 3 | 106344 | 200299612 | 中心书库中库/ 中库025架A面2列2层26/ [索取号:TS201.1/152-3-3] | 在馆 |